000 00465nam a2200181Ia 4500
001 8333
005 20260306160601.0
008 260306t2004||||xx |||||||||||||| ||spa||
041 _aESP
082 _a370.19
_bA77
100 _aArregui, Patricia
_eAUT
245 0 _a¿Es posible mejorar la educación peruana?:
_bevidencias y posibilidades
260 _c2004
300 _a249 páginas :
_c22 cm.
650 _aGEN
654 _aCED
942 _cLIB
_dJUS
_fJUS
_2ddc
_n
999 _c8333
_d8333